| 000 | 00436nam a2200145 4500 | ||
|---|---|---|---|
| 001 | 137561 | ||
| 003 | ES-MaACL | ||
| 007 | t| | ||
| 008 | 070214s1955 sp r ||||1| spa d | ||
| 100 | 1 |
_aSánchez-Céspedes, Pedro. _9102546 |
|
| 245 | 1 | 3 |
_aEl misterio de María _b: mariología bíblica / _cPedro Sánchez-Céspedes. |
| 260 |
_aSantander : _bSal Terrae, _c1955. |
||
| 300 |
_a287 p. ; _c21 cm. |
||
| 852 |
_aES-MaACL _jC-9793 _bR.38132 |
||
| 999 |
_c137561 _d137561 |
||